000 00830nmm a2200277 a 4500
003 AR-BaBNM
005 20251128211627.0
008 045020s1997 ||||||||||||||000 | spa||
040 _cAR-BaBNM
245 1 0 _aPrimera antología de cuentos infantiles
_brealizado por niños de 3 a 5 años
260 _aBuenos Aires
_bGobierno de la Ciudad de Buenos Aires
_c1997
300 0 _a86 p.
_bil.col.
500 0 _aGestión Pública
650 4 _aANTOLOGIAS
650 4 _aCUENTOS
650 4 _aDIBUJO
650 4 _aCREATIVIDAD
650 4 _aLIBROS PARA NIÑOS
655 _aLITERATURA
700 1 _aChiocchio de Caffarena, Haydée
_esupervisor
700 1 _aNavarro de Arias, Gregoria
_eselección
700 1 _aMarcora, María Inés
_eselección
700 1 _aBiale, Irene
_ecolaborador
942 _cBK
998 _cEugenia
999 _c20486
_d20486